Statistics for Largest 5 Letter World Cities

Click here to take the quiz!

General Stats

  • This quiz has been taken 50 times
    (24 since last reset)
  • The average score is 13 of 20

Answer Stats

Pop.RegionCity% Correct
17.1 milAfricaCairo
100%
39.8 milEast AsiaTokyo
100%
11.3 milWest EuropeParis
96%
6.2 milNorth AmericaMiami
91%
17.6 milAfricaLagos
87%
24.8 milEast AsiaSeoul
87%
17.9 milSouth AsiaDhaka
83%
5.1 milWest EuropeMilan
78%
27.2 milSouth AsiaDelhi
74%
17.8 milEast AsiaOsaka
74%
4.7 milAfricaAccra
70%
5.2 milMiddle EastAmman
61%
4.2 milEast AsiaBusan
61%
4.1 milMiddle EastDubai
48%
4.1 milNorth AmericaTampa
43%
3.8 milSouth AsiaKabul
39%
8.1 milEast AsiaWuhan
35%
5.9 milSouth AsiaSurat
26%
4.6 milEast AsiaHefei
9%
4.0 milEast AsiaJinan
4%

Score Distribution

Percentile by Number Answered

Percent of People with Each Score

Your Score History

You have not taken this quiz since the last reset